| 000 | 00777nam a2200181 i 4500 | ||
|---|---|---|---|
| 001 | 74215 | ||
| 003 | ES-MaACL | ||
| 005 | 20240521101946.0 | ||
| 007 | t| | ||
| 008 | 040916s1946 sp ||||1| spa d | ||
| 100 | 1 |
_aAmezúa y Mayo, Agustín G. de, _d1881-1956 _921219 |
|
| 245 | 1 | 4 |
_aLas almas de Quevedo / _cdiscurso leído por Agustín G. de Amezúa y Mayo, individuo de número de la Junta pública que celebró la Real Academia Española eldía 17 de febrero de 1946 para conmemorar el III centenario de la muerte de D. Francisco de Quevedo Villegas. |
| 260 |
_aMadrid : _b[s.n., _c1946] ( _fS. Aguirre) |
||
| 300 |
_a52 p. ; _c26 cm. |
||
| 600 | 1 | 4 |
_aQuevedo, Francisco de, _d1580-1645 _994591 |
| 852 |
_aES-MaACL _j1869-F-9 _bR.29994 |
||
| 999 |
_c74215 _d74215 |
||